[Event "SLO-chT 31st"]
[Site "Ljubljana"]
[Date "2021.09.11"]
[Round "2.2"]
[White "Rici, Jurij"]
[Black "Markocic, Spela"]
[Result "1/2-1/2"]
[WhiteElo "1856"]
[BlackElo "1792"]
[PlyCount "131"]
[EventDate "2021.09.10"]
[EventType "team-tourn"]
[EventRounds "9"]
[EventCountry "SLO"]
[SourceTitle "CBM 204 Extra"]
[Source "ChessBase"]
[SourceDate "2021.11.30"]
[SourceVersion "1"]
[SourceVersionDate "2021.11.30"]
[SourceQuality "1"]
[WhiteTeam "Kranj Stari Mayr"]
[BlackTeam "Nova Gorica CC"]
[WhiteTeamCountry "SLO"]
[BlackTeamCountry "SLO"]

1. d4 Nf6 2. e3 g6 3. Nf3 Bg7 4. c4 d6 5. Bd3 0-0 6. 0-0 c5 7. Nc3 Bg4 8. h3 Bxf3 9. Qxf3 Qc8 10. Rb1 Nc6 11. d5 Ne5 12. Qe2 e6 13. f4 Nxd3 14. Qxd3 exd5 15. Nxd5 Nxd5 16. Qxd5 Qc6 17. Qd3 f5 18. Rd1 Rad8 19. Qd5+ Kh8 20. b3 Rfe8 21. Kf2 Qa6 22. a4 Qb6 23. h4 Bf6 24. h5 Rd7 25. Ba3 Ree7 26. Rd3 Qa5 27. Rbd1 Qb6 28. R1d2 Kg7 29. Re2 Kf8 30. hxg6 hxg6 31. e4 fxe4 32. Rxe4 Bd4+ 33. Kf3 Rxe4 34. Qxe4 Kg7 35. Bc1 Qc6 36. Be3 Bxe3 37. Kxe3 Kf7 38. Qd5+ Kf6 39. Kf2 Qxd5 40. Rxd5 Ke6 41. Kf3 Rh7 42. Kg4 Rh2 43. Rd2 Rh5 44. g3 b6 45. Rd3 a6 46. Rd2 Rf5 47. Re2+ Kf7 48. Rh2 Kg7 49. Kf3 Rf7 50. Re2 Rd7 51. Re8 d5 52. cxd5 Rxd5 53. Ke4 Rd4+ 54. Ke3 Rb4 55. Rb8 Rxb3+ 56. Ke4 b5 57. Rb6 Rb4+ 58. Kd5 c4 59. Rxa6 Rxa4 60. Rxa4 bxa4 61. Kxc4 Kf6 62. g4 Ke6 63. f5+ gxf5 64. gxf5+ Kxf5 65. Kb4 a3 66. Kxa3 1/2-1/2

[Event "SLO-ch U16 Girls"]
[Site "Ptuj"]
[Date "2017.03.03"]
[Round "7"]
[White "Markocic, Spela"]
[Black "Kojek, Zala"]
[Result "1-0"]
[WhiteElo "1800"]
[BlackElo "1557"]
[PlyCount "43"]
[EventDate "2017.02.25"]
[EventType "swiss"]
[EventRounds "7"]
[EventCountry "SLO"]
[SourceTitle "CBM 177 Extra"]
[Source "ChessBase"]
[SourceDate "2017.04.27"]
[SourceVersion "1"]
[SourceVersionDate "2017.04.27"]
[SourceQuality "1"]

1. e4 e6 2. Nf3 d5 3. Nc3 Nf6 4. e5 Nfd7 5. d4 c5 6. dxc5 Nc6 7. Bf4 Bxc5 8. Bd3 f6 9. exf6 Nxf6 10. 0-0 0-0 11. Bg3 a6 12. Re1 Nh5 13. Bh4 Be7 14. Bxe7 Qxe7 15. Nxd5 Qd8 16. Nc3 Qf6 17. Rb1 Rd8 18. Ne4 Qe7 19. Qc1 h6 20. Qe3 Rd5 21. Bc4 Rf5 22. g4 1-0

[Event "SLO-ch U16 Girls"]
[Site "Ptuj"]
[Date "2017.02.27"]
[Round "3"]
[White "Groselj, Kaja"]
[Black "Markocic, Spela"]
[Result "1/2-1/2"]
[WhiteElo "1327"]
[BlackElo "1800"]
[PlyCount "61"]
[EventDate "2017.02.25"]
[EventType "swiss"]
[EventRounds "7"]
[EventCountry "SLO"]
[SourceTitle "CBM 177 Extra"]
[Source "ChessBase"]
[SourceDate "2017.04.27"]
[SourceVersion "1"]
[SourceVersionDate "2017.04.27"]
[SourceQuality "1"]

1. e4 c5 2. Nc3 Nc6 3. Bb5 g6 4. Bxc6 dxc6 5. d3 Bg7 6. f4 Nf6 7. Nf3 0-0 8. Be3 b6 9. Ne5 Qc7 10. Qd2 Rd8 11. 0-0-0 a5 12. h3 Ba6 13. Qf2 Rab8 14. g4 Nd7 15. Nxd7 Rxd7 16. e5 c4 17. dxc4 Rxd1+ 18. Rxd1 Bxc4 19. h4 b5 20. h5 g5 21. Qh2 f6 22. b3 b4 23. Ne4 Bd5 24. Nc5 Rd8 25. fxg5 fxg5 26. Bxg5 Bxe5 27. Qe2 Rf8 28. Rf1 Bf4+ 29. Bxf4 Rxf4 30. Rxf4 Qxf4+ 31. Kb1 1/2-1/2

[Event "Nova Gorica op 22nd"]
[Site "Nova Gorica"]
[Date "2017.01.29"]
[Round "4"]
[White "Markocic, Spela"]
[Black "Milicevic, Zoran"]
[Result "1/2-1/2"]
[WhiteElo "1800"]
[BlackElo "1592"]
[PlyCount "81"]
[EventDate "2017.01.27"]
[EventType "swiss"]
[EventRounds "9"]
[EventCountry "SLO"]
[SourceTitle "CBM 176 Extra"]
[Source "ChessBase"]
[SourceDate "2017.03.02"]
[SourceVersion "1"]
[SourceVersionDate "2017.03.02"]
[SourceQuality "1"]

1. e4 d5 2. exd5 Qxd5 3. Nc3 Qd8 4. g3 Nf6 5. Bg2 g6 6. Nge2 Bg7 7. 0-0 0-0 8. d3 c6 9. Bf4 Nd5 10. Nxd5 cxd5 11. Nc3 e5 12. Bd2 Be6 13. Kh1 Nc6 14. f4 Qd7 15. fxe5 Nxe5 16. Ne2 Rac8 17. Nf4 Rfd8 18. c3 b6 19. Nxe6 Qxe6 20. Bf4 Qd7 21. Qd2 Qb5 22. Bxe5 Bxe5 23. Rae1 Re8 24. Qf2 Qd7 25. d4 Bg7 26. Rxe8+ Rxe8 27. Qf3 Rd8 28. Re1 Qd6 29. Re3 Bh6 30. Re5 Bg7 31. Re1 Qd7 32. Qd1 Kf8 33. Qb3 Qd6 34. Bh3 Bf6 35. Qa4 a5 36. Qb5 Be7 37. Bg2 f5 38. Re5 Bf6 39. Rxd5 Qe6 40. Rxd8+ Bxd8 41. Qf1 1/2-1/2

[Event "Nova Gorica op 22nd"]
[Site "Nova Gorica"]
[Date "2017.01.28"]
[Round "3"]
[White "Srebrnic, Vojko"]
[Black "Markocic, Spela"]
[Result "1-0"]
[WhiteElo "2088"]
[BlackElo "1800"]
[PlyCount "85"]
[EventDate "2017.01.27"]
[EventType "swiss"]
[EventRounds "9"]
[EventCountry "SLO"]
[SourceTitle "CBM 176 Extra"]
[Source "ChessBase"]
[SourceDate "2017.03.02"]
[SourceVersion "1"]
[SourceVersionDate "2017.03.02"]
[SourceQuality "1"]

1. f4 c5 2. Nf3 Nc6 3. b3 Nf6 4. Bb2 e6 5. e3 a6 6. Be2 Be7 7. 0-0 0-0 8. Qe1 b5 9. Ne5 Nb4 10. Bd1 Bb7 11. a3 Nbd5 12. Bf3 d6 13. Nd3 Qb6 14. Nc3 c4 15. Nxd5 Bxd5 16. Bd4 Qc7 17. bxc4 Bxf3 18. gxf3 Qxc4 19. Qb1 Nd5 20. Qb2 Bf6 21. Bxf6 Nxf6 22. Qb3 Rfc8 23. Qxc4 Rxc4 24. c3 Nd5 25. Kf2 f5 26. Ke2 g6 27. Rfb1 Rac8 28. Rb3 Ra4 29. Nb2 Ra5 30. Kf2 Nb6 31. Ke2 Nd5 32. Kd3 Kf7 33. h4 Nf6 34. e4 Nd7 35. Ke3 Nb6 36. Rb4 Kf6 37. Kd3 d5 38. Kc2 Nc4 39. Nxc4 Rxc4 40. d3 Rc5 41. Kb3 Kg7 42. Rd4 Kh6 43. Kb4 1-0

[Event "EU-ch U16 Girls 26th"]
[Site "Prague"]
[Date "2016.08.19"]
[Round "2"]
[White "Gailiunaite, Saule"]
[Black "Markocic, Spela"]
[Result "1/2-1/2"]
[WhiteElo "1844"]
[BlackElo "1680"]
[PlyCount "90"]
[EventDate "2016.08.18"]
[EventType "swiss"]
[EventRounds "9"]
[EventCountry "CZE"]
[SourceTitle "CBM 174 Extra"]
[Source "ChessBase"]
[SourceDate "2016.10.10"]
[SourceVersion "1"]
[SourceVersionDate "2016.10.10"]
[SourceQuality "1"]

1. d4 Nf6 2. c4 e6 3. Nc3 Bb4 4. Qc2 0-0 5. a3 Bxc3+ 6. Qxc3 b6 7. Bg5 Bb7 8. e3 h6 9. Bh4 d6 10. Ne2 Nbd7 11. Qc2 c5 12. Rd1 Qc7 13. Nc3 d5 14. Bg3 Qc6 15. cxd5 exd5 16. Bb5 Qe6 17. dxc5 bxc5 18. 0-0 Rac8 19. Qa4 a6 20. Bxd7 Nxd7 21. Qb3 Nb6 22. Na4 Rc6 23. Nxb6 Rxb6 24. Qc3 Qc6 25. f3 Re8 26. Bf2 Ba8 27. Rd2 Reb8 28. Rc1 c4 29. e4 Rb3 30. Qd4 dxe4 31. Rxc4 Qe6 32. fxe4 Rxb2 33. Rxb2 Rxb2 34. Qxb2 Qxc4 35. Bd4 Kh7 36. h3 f6 37. e5 fxe5 38. Bxe5 Qe4 39. Bxg7 Qxg2+ 40. Qxg2 Bxg2 41. Kxg2 Kxg7 42. Kg3 h5 43. Kf3 Kf6 44. Kf4 Kg6 45. a4 a5 1/2-1/2

[Event "Portoroz op 10th"]
[Site "Portoroz"]
[Date "2016.07.30"]
[Round "9"]
[White "Markocic, Spela"]
[Black "Camana, Filippo"]
[Result "1-0"]
[WhiteElo "1744"]
[BlackElo "1884"]
[PlyCount "75"]
[EventDate "2016.07.23"]
[EventType "swiss"]
[EventRounds "9"]
[EventCountry "SLO"]
[SourceTitle "EXT 2017"]
[Source "ChessBase"]
[SourceDate "2016.10.25"]
[SourceVersion "1"]
[SourceVersionDate "2016.10.25"]
[SourceQuality "1"]

1. e4 c5 2. Nf3 e6 3. d4 cxd4 4. Nxd4 a6 5. Nc3 d6 6. Be2 Nf6 7. 0-0 Be7 8. Kh1 b5 9. Bf3 e5 10. Nde2 Bb7 11. Ng3 0-0 12. a3 Nbd7 13. Nf5 Nc5 14. Bg5 Ne6 15. Bxf6 gxf6 16. Nd5 Bxd5 17. Qxd5 Rc8 18. c3 Ng7 19. Nh6+ Kh8 20. Nxf7+ Rxf7 21. Qxf7 Rc5 22. Rad1 Rc7 23. Qb3 Rc4 24. g3 Qb6 25. Bg2 Qc6 26. f4 Ne6 27. fxe5 dxe5 28. Rd5 Kg7 29. Qd1 Nf8 30. Qg4+ Ng6 31. Rfd1 Qb6 32. Rd7 Kf8 33. Qh5 Kg7 34. Qf5 Kh6 35. h4 Bf8 36. Rf7 Qe3 37. Bf3 Nf4 38. Rxh7# 1-0

[Event "Portoroz op 10th"]
[Site "Portoroz"]
[Date "2016.07.27"]
[Round "6"]
[White "Mlacnik, Franc"]
[Black "Markocic, Spela"]
[Result "1/2-1/2"]
[WhiteElo "2076"]
[BlackElo "1744"]
[PlyCount "70"]
[EventDate "2016.07.23"]
[EventType "swiss"]
[EventRounds "9"]
[EventCountry "SLO"]
[SourceTitle "CBM 173 Extra"]
[Source "ChessBase"]
[SourceDate "2016.08.29"]
[SourceVersion "1"]
[SourceVersionDate "2016.08.29"]
[SourceQuality "1"]

1. Nf3 c5 2. b3 Nf6 3. Bb2 Nc6 4. e3 g6 5. Be2 Bg7 6. 0-0 0-0 7. c4 d5 8. cxd5 Nxd5 9. Bxg7 Kxg7 10. Qc1 Qd6 11. Nc3 b6 12. Bc4 Nxc3 13. Qxc3+ Kg8 14. Rfd1 Bg4 15. Be2 Ne5 16. d4 Nxf3+ 17. gxf3 Bh3 18. dxc5 Qxc5 19. Qxc5 bxc5 20. Rac1 Rac8 21. f4 Rfd8 22. f3 Rxd1+ 23. Rxd1 Be6 24. Rc1 Bd7 25. Kf2 Kf8 26. e4 e6 27. Ke3 Ke7 28. e5 Kd8 29. h4 h5 30. Ba6 Rc7 31. Kd3 Be8 32. a4 Bd7 33. Kc4 Bc6 34. Rd1+ Ke7 35. Rd3 Ba8 1/2-1/2

[Event "Portoroz op 10th"]
[Site "Portoroz"]
[Date "2016.07.25"]
[Round "4"]
[White "Markocic, Spela"]
[Black "Malar, Pavol"]
[Result "0-1"]
[WhiteElo "1744"]
[BlackElo "2109"]
[PlyCount "76"]
[EventDate "2016.07.23"]
[EventType "swiss"]
[EventRounds "9"]
[EventCountry "SLO"]
[SourceTitle "CBM 173 Extra"]
[Source "ChessBase"]
[SourceDate "2016.08.29"]
[SourceVersion "1"]
[SourceVersionDate "2016.08.29"]
[SourceQuality "1"]

1. e4 e6 2. Nf3 d5 3. Nc3 Nf6 4. e5 Nfd7 5. d4 c5 6. dxc5 Nc6 7. Bf4 Bxc5 8. Bd3 Qb6 9. Qd2 Bb4 10. a3 Be7 11. 0-0 h6 12. Bg3 Nc5 13. Nb5 Ne4 14. Bxe4 Qxb5 15. Bd3 Qb6 16. Rab1 Bd7 17. Qe2 g5 18. Kh1 h5 19. h4 g4 20. Nd2 Qd8 21. Nb3 Bxh4 22. Nc5 Bxg3 23. fxg3 Qc7 24. Rbe1 h4 25. Nxd7 hxg3+ 26. Kg1 Qxd7 27. Qxg4 0-0-0 28. Qxg3 Rdg8 29. Qf4 Rg7 30. Kf2 Rhg8 31. Rg1 Qc7 32. b4 Rg5 33. Kf1 Nxe5 34. Bh7 R8g7 35. Qf6 Qc4+ 36. Re2 Ng4 37. Qe7 Qf4+ 38. Ke1 Qc1# 0-1

[Event "Portoroz op 10th"]
[Site "Portoroz"]
[Date "2016.07.23"]
[Round "1"]
[White "Markocic, Spela"]
[Black "Tscharotschkin, Michael"]
[Result "0-1"]
[WhiteElo "1744"]
[BlackElo "2216"]
[PlyCount "114"]
[EventDate "2016.07.23"]
[EventType "swiss"]
[EventRounds "9"]
[EventCountry "SLO"]
[SourceTitle "CBM 173 Extra"]
[Source "ChessBase"]
[SourceDate "2016.08.29"]
[SourceVersion "1"]
[SourceVersionDate "2016.08.29"]
[SourceQuality "1"]

1. e4 e6 2. Nf3 d5 3. Nc3 Nf6 4. e5 Nfd7 5. d4 c5 6. dxc5 Nc6 7. Bf4 Bxc5 8. Bd3 h6 9. Qe2 g5 10. Bg3 g4 11. Nd2 Qg5 12. Nb5 Nd4 13. Nxd4 Bxd4 14. f4 Qg7 15. c3 Bb6 16. Nb3 a6 17. Nd4 Nc5 18. Bc2 Bd7 19. Bh4 Bd8 20. Bf2 Rc8 21. f5 Bc7 22. f6 Qg5 23. Bg3 Bb6 24. Bf2 Na4 25. Bd3 Bc7 26. Bg3 Ba5 27. 0-0 Bb6 28. Bf4 Qh4 29. Kh1 Nc5 30. Bc2 Rg8 31. g3 Qh3 32. Rfe1 Ne4 33. Bxe4 dxe4 34. Be3 Qh5 35. Nf5 Qxf5 36. Bxb6 Qxe5 37. Kg1 Bc6 38. Bd4 Qd6 39. Rad1 e5 40. Be3 Qxf6 41. Rf1 Qe6 42. Qd2 Rg6 43. Rf2 Bb5 44. b3 Bd3 45. c4 Kf8 46. Qb4+ Qe7 47. Qa5 Kg7 48. Rdd2 Qd6 49. Qc3 f5 50. Bf4 Re8 51. Be3 Rf6 52. c5 Kg6 53. b4 Rg8 54. Rd1 f4 55. Bc1 Qd5 56. gxf4 exf4 57. Rg2 h5 0-1

[Event "Nova Gorica op 21st"]
[Site "Nova Gorica"]
[Date "2016.02.03"]
[Round "8"]
[White "Markocic, Spela"]
[Black "Laco, Giuseppe"]
[Result "0-1"]
[WhiteElo "1671"]
[BlackElo "2093"]
[PlyCount "78"]
[EventDate "2016.01.29"]
[EventType "swiss"]
[EventRounds "9"]
[EventCountry "SLO"]
[SourceTitle "CBM 170 Extra"]
[Source "ChessBase"]
[SourceDate "2016.02.25"]
[SourceVersion "1"]
[SourceVersionDate "2016.02.25"]
[SourceQuality "1"]

1. e4 c5 2. Nf3 Nc6 3. d4 cxd4 4. Nxd4 e6 5. Nc3 a6 6. Be2 Qc7 7. Be3 Nf6 8. a3 b5 9. f4 b4 10. axb4 Bxb4 11. Bf3 Bb7 12. 0-0 Bc5 13. e5 Ng8 14. Ne4 Nxd4 15. Bxd4 Bxe4 16. Bxe4 Ra7 17. Kh1 Bxd4 18. Qxd4 f5 19. Bd3 Ne7 20. Bxa6 Kf7 21. b3 h6 22. Bc4 Rb7 23. Qd3 Qc5 24. Qh3 Rd8 25. Rfe1 Qf2 26. Qf3 Qxf3 27. gxf3 Ng6 28. Ra4 Rc7 29. Bd3 d5 30. Rd4 Nh4 31. Rf1 Rc3 32. Kg1 Ra8 33. Kf2 Ra2 34. Kg3 g5 35. Kh3 Ng6 36. fxg5 hxg5 37. Re1 Nf4+ 38. Kg3 Rxd3 39. cxd3 Rg2# 0-1

[Event "Nova Gorica op 21st"]
[Site "Nova Gorica"]
[Date "2016.01.29"]
[Round "1"]
[White "Vidic, Teja"]
[Black "Markocic, Spela"]
[Result "1-0"]
[WhiteElo "2185"]
[BlackElo "1671"]
[PlyCount "63"]
[EventDate "2016.01.29"]
[EventType "swiss"]
[EventRounds "9"]
[EventCountry "SLO"]
[SourceTitle "CBM 170 Extra"]
[Source "ChessBase"]
[SourceDate "2016.02.25"]
[SourceVersion "1"]
[SourceVersionDate "2016.02.25"]
[SourceQuality "1"]

1. e4 c5 2. c3 d5 3. exd5 Qxd5 4. d4 Nf6 5. Nf3 Bg4 6. Nbd2 e6 7. Bc4 Qd8 8. Qa4+ Nbd7 9. Ne5 a6 10. Nxg4 Nxg4 11. Be2 Ngf6 12. Nf3 Bd6 13. Bg5 0-0 14. 0-0 Qc7 15. h3 Nd5 16. Rfe1 Nf4 17. Bf1 b5 18. Qc2 h6 19. Bxf4 Bxf4 20. a4 Qb6 21. axb5 axb5 22. Rxa8 Rxa8 23. Qe4 Qb8 24. Bxb5 Nf6 25. Qc6 cxd4 26. Nxd4 Ra2 27. b4 Bh2+ 28. Kf1 Bg3 29. fxg3 Qxg3 30. Qf3 Qh2 31. Ne2 Qh1+ 32. Kf2 1-0

[Event "SLO-chT (Women)"]
[Site "Ljubljana"]
[Date "2015.04.12"]
[Round "7.2"]
[White "Markocic, Spela"]
[Black "Petauer, Eva"]
[Result "0-1"]
[WhiteElo "1697"]
[BlackElo "1697"]
[PlyCount "86"]
[EventDate "2015.03.12"]
[EventType "team-tourn"]
[EventRounds "7"]
[EventCountry "SLO"]
[SourceTitle "EXT 2019"]
[Source "ChessBase"]
[SourceDate "2018.10.10"]
[SourceVersion "1"]
[SourceVersionDate "2018.10.10"]
[SourceQuality "1"]
[WhiteTeam "Nova Gorica (W)"]
[BlackTeam "Celje (W)"]
[WhiteTeamCountry "SLO"]
[BlackTeamCountry "SLO"]

1. e4 e5 2. Nf3 Nc6 3. d4 exd4 4. Bc4 Nf6 5. e5 d5 6. Bb5 Ne4 7. Nxd4 Bd7 8. Bxc6 bxc6 9. 0-0 Bc5 10. Be3 Bb6 11. f3 Ng5 12. f4 Ne4 13. Nc3 Nxc3 14. bxc3 0-0 15. Qe1 c5 16. Nb3 c4 17. Nd4 Bxd4 18. Bxd4 Bf5 19. Qf2 a6 20. Rae1 Rb8 21. Qg3 g6 22. Rf2 Rb2 23. Qe3 Re8 24. a3 Qh4 25. g3 Qe7 26. Bc5 Qe6 27. Qc1 Rb5 28. Qe3 Reb8 29. Bb4 Rc8 30. Rd1 c5 31. a4 d4 32. Qd2 Rb7 33. Ba3 Rd7 34. Qe1 d3 35. cxd3 cxd3 36. Qe3 Qb3 37. Ra1 Qxc3 38. Bb2 Qb3 39. Ra3 Qd5 40. Rd2 c4 41. Qb6 Rb7 42. Qf2 Rxb2 43. Rxb2 c3 0-1

[Event "SLO-chT (Women)"]
[Site "Ljubljana"]
[Date "2015.04.10"]
[Round "5.1"]
[White "Markocic, Spela"]
[Black "Skuhala, Barbara"]
[Result "0-1"]
[WhiteElo "1697"]
[BlackElo "1906"]
[PlyCount "102"]
[EventDate "2015.03.12"]
[EventType "team-tourn"]
[EventRounds "7"]
[EventCountry "SLO"]
[SourceTitle "EXT 2019"]
[Source "ChessBase"]
[SourceDate "2018.10.10"]
[SourceVersion "1"]
[SourceVersionDate "2018.10.10"]
[SourceQuality "1"]
[WhiteTeam "Nova Gorica (W)"]
[BlackTeam "Radenska Pomgrad (W)"]
[WhiteTeamCountry "SLO"]
[BlackTeamCountry "SLO"]

1. e4 c5 2. Nf3 d6 3. d4 cxd4 4. Nxd4 Nf6 5. Nc3 a6 6. Be2 e5 7. Nb3 Be7 8. a4 0-0 9. 0-0 Be6 10. Be3 Qc7 11. f3 Rc8 12. Kh1 Nbd7 13. Qe1 Nb6 14. Nd2 Nc4 15. Nxc4 Bxc4 16. Bxc4 Qxc4 17. Qf2 b5 18. a5 b4 19. Na4 Nd7 20. c3 Rab8 21. Rfc1 b3 22. Nb6 Nxb6 23. Bxb6 Bd8 24. Bxd8 Rxd8 25. Rd1 d5 26. Re1 d4 27. Rac1 d3 28. Rcd1 Qa4 29. Ra1 Qb5 30. Red1 Rd6 31. h3 Rbd8 32. Rd2 h6 33. Kh2 Qc4 34. Qg1 f5 35. Re1 f4 36. Ra1 R8d7 37. Ra3 Kh7 38. Qd1 Rb7 39. Qg1 g5 40. Ra1 Rf7 41. Ra3 h5 42. Qd1 Rb7 43. Kh1 g4 44. Kh2 gxh3 45. Kxh3 Rg7 46. Qxb3 Qc5 47. Ra1 Rdg6 48. Qd1 Qe7 49. Qe1 Rg3+ 50. Kh2 Qh4+ 51. Kg1 Qh3 0-1

[Event "SLO-chT (Women)"]
[Site "Ljubljana"]
[Date "2015.03.13"]
[Round "2.3"]
[White "Janzekovic, Alja"]
[Black "Markocic, Spela"]
[Result "1/2-1/2"]
[WhiteElo "1536"]
[BlackElo "1697"]
[PlyCount "131"]
[EventDate "2015.03.12"]
[EventType "team-tourn"]
[EventRounds "7"]
[EventCountry "SLO"]
[SourceTitle "EXT 2019"]
[Source "ChessBase"]
[SourceDate "2018.10.10"]
[SourceVersion "1"]
[SourceVersionDate "2018.10.10"]
[SourceQuality "1"]
[WhiteTeam "Ptuj (W)"]
[BlackTeam "Nova Gorica (W)"]
[WhiteTeamCountry "SLO"]
[BlackTeamCountry "SLO"]

1. e4 c5 2. c3 d5 3. exd5 Qxd5 4. d4 Nf6 5. Nf3 Bg4 6. Be2 e6 7. 0-0 Nc6 8. dxc5 Bxc5 9. Nbd2 0-0 10. Nb3 Be7 11. Be3 Rfd8 12. Qxd5 Nxd5 13. Bd2 Bd6 14. h3 Bh5 15. Rfe1 Nf4 16. Bxf4 Bxf4 17. Rad1 Rac8 18. Nfd4 Bxe2 19. Nxe2 Be5 20. Kf1 Bf6 21. Ng3 g6 22. Ne4 Bg7 23. Ke2 Ne5 24. Rxd8+ Rxd8 25. Rd1 Rxd1 26. Kxd1 Nd3 27. Kc2 Ne1+ 28. Kd1 Nxg2 29. Nd6 b6 30. Nc8 Nf4 31. Nxa7 Nxh3 32. Ke2 Be5 33. Nd2 Nf4+ 34. Ke3 h5 35. Nf3 Ng2+ 36. Ke2 Bc7 37. a4 h4 38. b4 h3 39. Kf1 f6 40. Nc8 Nf4 41. Ne7+ Kf7 42. Nc6 e5 43. c4 e4 44. Nh2 Nd3 45. Kg1 Bxh2+ 46. Kxh2 Nxf2 47. a5 e3 48. Nd4 bxa5 49. bxa5 Ng4+ 50. Kg1 Ne5 51. a6 Nxc4 52. Kh2 Ke7 53. Kxh3 Kd6 54. a7 Nb6 55. Kg3 Kc7 56. Kf3 Kb7 57. Kxe3 Kxa7 58. Nc6+ Kb7 59. Ne7 g5 60. Kf3 Kc7 61. Nf5 Kd7 62. Kg4 Ke6 63. Nd4+ Kd5 64. Nf3 Nc4 65. Nxg5 Ne3+ 66. Kf4 1/2-1/2

[Event "SLO-ch U14 Girls"]
[Site "Bled"]
[Date "2015.02.25"]
[Round "8"]
[White "Markocic, Spela"]
[Black "Urbanc, Ana"]
[Result "1-0"]
[WhiteElo "1693"]
[BlackElo "1510"]
[PlyCount "115"]
[EventDate "2015.02.21"]
[EventType "swiss"]
[EventRounds "9"]
[EventCountry "SLO"]
[SourceTitle "EXT 2023"]
[Source "ChessBase"]
[SourceDate "2022.10.05"]
[SourceVersion "1"]
[SourceVersionDate "2022.10.05"]
[SourceQuality "1"]

1. e4 c5 2. Nf3 Nc6 3. d4 cxd4 4. Nxd4 Nf6 5. Nc3 d6 6. Be2 e6 7. 0-0 Be7 8. Be3 0-0 9. Nb3 a6 10. f4 b5 11. a3 Bb7 12. Bf3 Qc7 13. Qd2 Rac8 14. Rad1 Rfd8 15. Qf2 Re8 16. Rfe1 Bd8 17. Rd3 Qb8 18. Red1 Bc7 19. Kh1 Qa8 20. Bb6 Bb8 21. Re1 Nd7 22. Be3 Nf6 23. Qg1 Bc7 24. Bb6 Bb8 25. Bf2 Ne7 26. Na5 Nd7 27. Nxb7 Qxb7 28. Red1 Nc6 29. e5 d5 30. b4 Ba7 31. Ne2 Bxf2 32. Qxf2 Nb6 33. Nd4 Nxd4 34. Rxd4 Qc7 35. Rc1 Nc4 36. Qg3 Qb6 37. Rd3 Ne3 38. Qf2 Nc4 39. Qe1 Rc7 40. Be2 Rec8 41. Rh3 Ne3 42. Bd3 Nf5 43. g4 Nd4 44. Bxh7+ Kf8 45. Bd3 Qb7 46. Qf2 Nb3 47. Rb1 d4+ 48. Kg1 Nc5 49. bxc5 Rxc5 50. Qxd4 Rd5 51. Qf2 Qd7 52. Rh8+ Ke7 53. Qh4+ f6 54. exf6+ Kf7 55. fxg7 Qa7+ 56. Qf2 Qxf2+ 57. Kxf2 Kxg7 58. Rxc8 1-0

[Event "Nova Gorica op-A 20th"]
[Site "Nova Gorica"]
[Date "2015.02.02"]
[Round "6"]
[White "Markocic, Spela"]
[Black "Vodopivec, Vladimir"]
[Result "0-1"]
[WhiteElo "1650"]
[BlackElo "1971"]
[PlyCount "50"]
[EventDate "2015.01.30"]
[EventType "swiss"]
[EventRounds "9"]
[EventCountry "SLO"]
[SourceTitle "CBM 164 Extra"]
[Source "ChessBase"]
[SourceDate "2015.03.02"]
[SourceVersion "1"]
[SourceVersionDate "2015.03.02"]
[SourceQuality "1"]

1. e4 c5 2. Nf3 d6 3. d4 cxd4 4. Nxd4 Nf6 5. Nc3 a6 6. Be2 g6 7. 0-0 Bg7 8. Be3 0-0 9. h3 Nbd7 10. Qd2 Re8 11. Rad1 b5 12. a3 Bb7 13. f3 Qc7 14. Nb3 Rac8 15. Bh6 Bh8 16. Rde1 Nb6 17. Bd1 Nc4 18. Qc1 Nxb2 19. Nxb5 axb5 20. Qxb2 Nxe4 21. Qc1 Nc3 22. f4 Nxd1 23. Qxd1 Qxc2 24. Qxc2 Rxc2 25. Rf2 Rc3 0-1

[Event "SLO-chT U20 Girls"]
[Site "Bled"]
[Date "2014.08.26"]
[Round "3.1"]
[White "Markocic, Spela"]
[Black "Dobrovoljc, Andreja"]
[Result "0-1"]
[WhiteElo "1679"]
[BlackElo "1727"]
[PlyCount "60"]
[EventDate "2014.08.23"]
[EventType "team-swiss"]
[EventRounds "5"]
[EventCountry "SLO"]
[SourceTitle "EXT 2022"]
[Source "ChessBase"]
[SourceDate "2021.10.06"]
[SourceVersion "1"]
[SourceVersionDate "2021.10.06"]
[SourceQuality "1"]
[WhiteTeam "Nova Gorica U20 Girls"]
[BlackTeam "Novo Mesto Krka U20g"]
[WhiteTeamCountry "SLO"]
[BlackTeamCountry "SLO"]

1. e4 c5 2. Nf3 Nc6 3. d4 cxd4 4. Nxd4 Nf6 5. Nc3 e5 6. Nf3 Bb4 7. Bd3 d5 8. exd5 Nxd5 9. Bd2 Nxc3 10. bxc3 Bd6 11. 0-0 0-0 12. h3 Re8 13. Re1 Be6 14. Ng5 g6 15. Nxe6 Rxe6 16. Bc4 Re8 17. Qf3 Qc7 18. Rab1 Rac8 19. Bb3 Bf8 20. Qe4 Bg7 21. Bg5 Nd8 22. Re3 b6 23. f4 Ne6 24. Bxe6 Rxe6 25. f5 Rc6 26. Rbe1 h6 27. f6 Bf8 28. Rg3 hxg5 29. Rxg5 Rxf6 30. Rxe5 Qxc3 0-1

[Event "SLO-chT U16 Girls"]
[Site "Moravske Toplice"]
[Date "2014.05.17"]
[Round "4"]
[White "Markocic, Spela"]
[Black "Nemec, Hana"]
[Result "1-0"]
[WhiteElo "1649"]
[BlackElo "1711"]
[PlyCount "61"]
[EventDate "2014.05.16"]
[EventType "team-swiss"]
[EventRounds "6"]
[EventCountry "SLO"]
[SourceTitle "EXT 2022"]
[Source "ChessBase"]
[SourceDate "2021.10.06"]
[SourceVersion "1"]
[SourceVersionDate "2021.10.06"]
[SourceQuality "1"]

1. e4 e6 2. Nf3 d5 3. Nc3 Nf6 4. e5 Nfd7 5. d4 c5 6. Bf4 Nc6 7. Ne2 Qb6 8. Rb1 cxd4 9. Nexd4 Bc5 10. c3 Nxd4 11. Nxd4 f6 12. exf6 0-0 13. Bg3 Nxf6 14. Bd3 Bxd4 15. cxd4 Qa5+ 16. Qd2 Qxa2 17. 0-0 Qb3 18. Bd6 Re8 19. Rfc1 Qa4 20. Rc7 Rd8 21. Be7 Rd7 22. Rbc1 Rxc7 23. Rxc7 Ne8 24. Rc3 Qd7 25. Qg5 b6 26. Bc2 Ba6 27. Rh3 Rc8 28. Bxh7+ Kf7 29. Bg6+ Kg8 30. Rh8+ Kxh8 31. Qh5+ 1-0

[Event "SLO-chT U16 Girls"]
[Site "Moravske Toplice"]
[Date "2014.05.16"]
[Round "1"]
[White "Pajek, Tjasa"]
[Black "Markocic, Spela"]
[Result "0-1"]
[WhiteElo "1535"]
[BlackElo "1649"]
[PlyCount "108"]
[EventDate "2014.05.16"]
[EventType "team-swiss"]
[EventRounds "6"]
[EventCountry "SLO"]
[SourceTitle "EXT 2022"]
[Source "ChessBase"]
[SourceDate "2021.10.06"]
[SourceVersion "1"]
[SourceVersionDate "2021.10.06"]
[SourceQuality "1"]

1. e4 c5 2. Nf3 Nc6 3. Nc3 g6 4. d4 cxd4 5. Nxd4 Bg7 6. Nxc6 bxc6 7. Bc4 d6 8. Qf3 Nf6 9. Bd3 Bg4 10. Qe3 0-0 11. h3 Be6 12. 0-0 Nd7 13. Bd2 c5 14. b3 Qc7 15. Rad1 Ne5 16. Nd5 Qb7 17. Bc4 Rfe8 18. Ba5 Rac8 19. f4 Nxc4 20. bxc4 Qa6 21. Qe1 Qxc4 22. Nc7 Rf8 23. Nxe6 Qxe6 24. a3 Rb8 25. f5 Qc4 26. c3 Rb5 27. Bc7 Bxc3 28. Qg3 Be5 29. Qe1 Qa4 30. fxg6 hxg6 31. Rd3 c4 32. Rdf3 c3 33. Kh1 Qc4 34. Qe3 Qxc7 35. Qg1 Qc5 36. Qxc5 Rxc5 37. Rc1 c2 38. Rf2 Rfc8 39. Rff1 Bb2 40. Rce1 c1Q 41. Rxc1 Rxc1 42. Rxc1 Rxc1+ 43. Kh2 Bxa3 44. h4 a5 45. h5 a4 46. hxg6 Bc5 47. gxf7+ Kxf7 48. Kh3 a3 49. Kh4 a2 50. Kh3 a1Q 51. Kg3 Rc3+ 52. Kg4 Qd1+ 53. Kg5 Rg3+ 54. Kf4 Qg4# 0-1